书目信息 |
| 题名: |
世界常用农药色谱-质谱图集
|
|
| 作者: | 庞国芳 著 | |
| 分册: | Volume II Collection of liquid chromatography coupled with quadrupole time-of-flight mass spectrometry (LC-Q-TOFMS) | |
| 出版信息: | 北京 化学工业出版社 2014 |
|
| 页数: | 809页 | |
| 开本: | 29cm | |
| 丛书名: | ||
| 单 册: | ||
| 中图分类: | TQ450.1-64 | |
| 科图分类: | ||
| 主题词: | 农药--图集--色谱-质谱 , 农药--图集--液相色谱 , 农药 , 色谱-质谱 , 液相色谱 | |
| 电子资源: | ||
| ISBN: | 978-7-122-18406-1 | |
| 000 | 01520nam0 2200301 450 | |
| 001 | 3583 | |
| 005 | 20160927085918.51 | |
| 005 | 20140605133614 | |
| 010 | @a978-7-122-18406-1@b精装@dCNY158.00 | |
| 100 | @a20140324d2014 em y0chiy50 ea | |
| 101 | 0 | @achi@aeng |
| 102 | @aCN@b110000 | |
| 105 | @aa z 001yy | |
| 200 | 1 | @a世界常用农药色谱-质谱图集@9shi jie chang yong nong yao se pu - zhi pu tu ji@dChromatography-mass spectrometry collection of world commonly used pesticides@hVolume II@h第二卷@iCollection of liquid chromatography coupled with quadrupole time-of-flight mass spectrometry (LC-Q-TOFMS)@i液相色谱-四极杆-飞行时间质谱图集@zeng@f庞国芳等著 |
| 210 | @a北京@c化学工业出版社@d2014 | |
| 215 | @a809页@d29cm | |
| 300 | @a国家出版基金项目 | |
| 330 | @a本书为《世界常用农药色谱-质谱图集》第二卷,包括510种农药化学污染物中英文名称、CAS登录号、理化参数(分子式、精确质量数、结构式)、色谱质谱参数(母离子、子离子、离子源及源极性、保留时间)、提取离子色谱图、四种碰撞能量下碎片离子质谱图。 | |
| 510 | 1 | @aChromatography-mass spectrometry collection of world commonly used pesticides@hVolume II@iCollection of liquid chromatography coupled with quadrupole time-of-flight mass spectrometry (LC-Q-TOFMS)@zeng |
| 606 | 0 | @a农药@j图集@x色谱-质谱 |
| 606 | 0 | @a农药@j图集@x液相色谱 |
| 606 | 0 | @a农药 |
| 606 | 0 | @a色谱-质谱 |
| 606 | 0 | @a液相色谱 |
| 690 | @aTQ450.1-64@v5 | |
| 701 | 0 | @a庞国芳@9pang guo fang@f(1943.10~)@4著 |
| 801 | 0 | @aCN@b唐山师范学院图书馆@c20151001 |
| 905 | @aZUCC@dTQ450.1-64@e61:2 | |
| 世界常用农药色谱-质谱图集=Chromatography-mass spectrometry collection of world commonly used pesticides.Volume II.第二卷.Collection of liquid chromatography coupled with quadrupole time-of-flight mass spectrometry (LC-Q-TOFMS).液相色谱-四极杆-飞行时间质谱图集/庞国芳等著.-北京:化学工业出版社,2014 |
| 809页;29cm |
| 国家出版基金项目 |
| ISBN 978-7-122-18406-1(精装):CNY158.00 |
| 本书为《世界常用农药色谱-质谱图集》第二卷,包括510种农药化学污染物中英文名称、CAS登录号、理化参数(分子式、精确质量数、结构式)、色谱质谱参数(母离子、子离子、离子源及源极性、保留时间)、提取离子色谱图、四种碰撞能量下碎片离子质谱图。 |
| ● |
| 相关链接 |
|
|
|
|
正题名:世界常用农药色谱-质谱图集
索取号:TQ450.1-64/61:2
 
预约/预借
| 序号 | 登录号 | 条形码 | 馆藏地/架位号 | 状态 | 备注 |
| 1 | 905548 | 209055485 | 第二样本阅览室/ [索取号:TQ450.1-64/61:2] | 在馆 | |
| 2 | 905549 | 209055494 | 第三借阅区/ [索取号:TQ450.1-64/61:2] | 在馆 |